[Event "VIE-ch (Women)"]
[Site "Ho Chi Minh City"]
[Date "2021.03.28"]
[Round "6"]
[White "Nguyen, Hong Ngoc"]
[Black "Vu, Thi Dieu Ai"]
[Result "1-0"]
[WhiteElo "1962"]
[BlackElo "1811"]
[PlyCount "93"]
[EventDate "2021.03.24"]
[EventType "swiss"]
[EventRounds "9"]
[EventCountry "VIE"]
[SourceTitle "EXT 2022"]
[Source "ChessBase"]
[SourceDate "2021.10.06"]
[SourceVersion "1"]
[SourceVersionDate "2021.10.06"]
[SourceQuality "1"]

1. d4 d5 2. c4 c6 3. Nf3 Nf6 4. Nc3 a6 5. g3 g6 6. Bg2 Bg7 7. 0-0 0-0 8. Ne5 dxc4 9. Nxc4 Be6 10. b3 Nd5 11. Bb2 c5 12. Nxd5 Bxd5 13. Bxd5 Qxd5 14. Nb6 Qc6 15. Nxa8 Nd7 16. d5 Qd6 17. Bxg7 Kxg7 18. e4 Rxa8 19. Qe2 b5 20. Rfd1 Rc8 21. Rac1 f6 22. f4 h5 23. h4 Rc7 24. Kh2 Rc8 25. Rc2 Rh8 26. Kg2 Rb8 27. Re1 e5 28. dxe6 Qxe6 29. Rd1 Rb7 30. Rcd2 c4 31. bxc4 bxc4 32. Rd6 Qf7 33. Rc6 a5 34. Qxc4 Qxc4 35. Rxc4 Kf7 36. Rdc1 Ke7 37. Rc7 Rb2+ 38. R1c2 Rxc2+ 39. Rxc2 Kd6 40. Kf2 Nb6 41. Rd2+ Ke6 42. g4 hxg4 43. Kg3 Nc4 44. Rd4 Nd6 45. f5+ gxf5 46. exf5+ Ke5 47. Ra4 1-0

[Event "VIE-ch op (Women)"]
[Site "Hanoi"]
[Date "2020.11.25"]
[Round "5"]
[White "Nguyen, Thanh Thuy Tien"]
[Black "Vu, Thi Dieu Ai"]
[Result "0-1"]
[WhiteElo "2301"]
[BlackElo "2294"]
[PlyCount "64"]
[EventDate "2020.11.23"]
[EventType "swiss"]
[EventRounds "9"]
[EventCountry "VIE"]
[SourceTitle "CBM 199 Extra"]
[Source "ChessBase"]
[SourceDate "2021.01.31"]
[SourceVersion "1"]
[SourceVersionDate "2021.01.31"]
[SourceQuality "1"]

1. d4 d5 2. Nf3 Nf6 3. Bf4 c5 4. e3 Nc6 5. Ne5 e6 6. c3 Be7 7. Bd3 Qb6 8. b3 Nxe5 9. Bxe5 0-0 10. Nd2 Nd7 11. 0-0 f5 12. f4 Nf6 13. Rf3 Bd7 14. Rh3 Rac8 15. Qf3 cxd4 16. Bxd4 Bc5 17. Bxc5 Qxc5 18. c4 b5 19. Qe2 bxc4 20. bxc4 Rb8 21. Nb3 Qb4 22. c5 a5 23. Rc1 Rfc8 24. Rf3 Qa3 25. Ba6 Rc7 26. Qd2 Ne4 27. Qxa5 Qxa5 28. Nxa5 Ra8 29. c6 Rxa6 30. cxd7 Rxc1+ 31. Rf1 Rxf1+ 32. Kxf1 Rd6 0-1

[Event "VIE-ch op (Women)"]
[Site "Hanoi"]
[Date "2020.11.23"]
[Round "2"]
[White "Nguyen, Thi Mai Hung"]
[Black "Vu, Thi Dieu Ai"]
[Result "1-0"]
[WhiteElo "2310"]
[BlackElo "2294"]
[PlyCount "67"]
[EventDate "2020.11.23"]
[EventType "swiss"]
[EventRounds "9"]
[EventCountry "VIE"]
[SourceTitle "CBM 199 Extra"]
[Source "ChessBase"]
[SourceDate "2021.01.31"]
[SourceVersion "1"]
[SourceVersionDate "2021.01.31"]
[SourceQuality "1"]

1. d4 d5 2. Bf4 Nf6 3. e3 c5 4. c3 Bg4 5. f3 Bf5 6. dxc5 Nc6 7. Bb5 e6 8. b4 Nd7 9. Ne2 Qc8 10. Nd2 e5 11. Bg3 a6 12. Ba4 Be6 13. e4 Be7 14. exd5 Bxd5 15. Ne4 Bxe4 16. fxe4 0-0 17. 0-0 b6 18. Qd5 b5 19. Bb3 Nf6 20. Qd3 Qg4 21. Bd5 Rad8 22. Rad1 Rd7 23. Qf3 Qxf3 24. Rxf3 Rfd8 25. Rfd3 Bf8 26. Nc1 Ne7 27. c6 Nexd5 28. exd5 e4 29. Rd4 Ra7 30. d6 a5 31. d7 Nxd7 32. Rxd7 Raxd7 33. Rxd7 Re8 34. c7 1-0

[Event "VIE-ch (Women)"]
[Site "Ho Chi Minh City"]
[Date "2018.04.30"]
[Round "6"]
[White "Vu, Thi Dieu Ai"]
[Black "Nguyen, Thien Ngan"]
[Result "0-1"]
[WhiteElo "1837"]
[BlackElo "1670"]
[PlyCount "80"]
[EventDate "2018.04.27"]
[EventType "swiss"]
[EventRounds "9"]
[EventCountry "VIE"]
[SourceTitle "CBM 184 Extra"]
[Source "ChessBase"]
[SourceDate "2018.06.28"]
[SourceVersion "1"]
[SourceVersionDate "2018.06.28"]
[SourceQuality "1"]

1. d4 d5 2. Bf4 Nf6 3. e3 e6 4. Bd3 c5 5. c3 Nc6 6. Nd2 Be7 7. Ngf3 Nh5 8. Be5 f6 9. Ng1 g6 10. Bg3 e5 11. dxc5 Bxc5 12. Nb3 Bf8 13. Ne2 Bg7 14. f3 0-0 15. Bf2 f5 16. e4 dxe4 17. fxe4 Qg5 18. g3 Kh8 19. Qd2 Qf6 20. Bc5 Rd8 21. Qc2 b6 22. Be3 f4 23. Bf2 fxg3 24. Bxg3 Nxg3 25. hxg3 Bg4 26. 0-0-0 Rac8 27. Bb5 Nb4 28. Rxd8+ Qxd8 29. Qd2 Qf6 30. Qe3 a6 31. Bd3 b5 32. Rd1 Nxd3+ 33. Qxd3 Qf2 34. Rd2 Bh6 35. Nf4 Qe1+ 36. Kc2 exf4 37. gxf4 Bxf4 38. Qd4+ Kg8 39. Qd5+ Kg7 40. Rg2 Rd8 0-1

[Event "ASEAN-ch U16 Girls 15th"]
[Site "Taipa"]
[Date "2014.06.09"]
[Round "9"]
[White "Vu, Thi Dieu Ai"]
[Black "Revita, Samantha Glo"]
[Result "1/2-1/2"]
[WhiteElo "1858"]
[BlackElo "1743"]
[PlyCount "76"]
[EventDate "2014.06.04"]
[EventType "swiss"]
[EventRounds "9"]
[EventCountry "MAC"]
[SourceTitle "CBM 160 Extra"]
[Source "ChessBase"]
[SourceDate "2014.07.01"]
[SourceVersion "1"]
[SourceVersionDate "2014.07.01"]
[SourceQuality "1"]

1. d4 Nf6 2. Nf3 g6 3. c4 Bg7 4. Nc3 d6 5. e4 0-0 6. Be2 e5 7. dxe5 dxe5 8. 0-0 Nc6 9. Be3 Be6 10. b4 Nd7 11. a3 Nb6 12. Nd5 f5 13. Ng5 Bxd5 14. cxd5 Nd4 15. Bxd4 Qxg5 16. Be3 Qf6 17. f3 Rfd8 18. a4 f4 19. Bc5 Nd7 20. Qb3 Kh8 21. Rac1 Nxc5 22. Rxc5 Rac8 23. Rfc1 Bf8 24. R5c4 Bd6 25. a5 Qf8 26. Qc3 Kg8 27. Bd1 h6 28. Qe1 g5 29. g3 Kh7 30. Qf1 Qe7 31. Ba4 Bxb4 32. a6 b6 33. Rc6 Bd6 34. Qh3 Rb8 35. Bb5 Rf8 36. Qe6 Rf7 37. Qg4 Rg8 38. Bf1 Qd7 1/2-1/2

[Event "VIE-ch U15 Girls"]
[Site "Da Lat"]
[Date "2013.07.??"]
[Round "3"]
[White "Le, Minh Nhat"]
[Black "Vu, Thi Dieu Ai"]
[Result "0-1"]
[WhiteElo "1988"]
[BlackElo "1858"]
[PlyCount "80"]
[EventDate "2013.07.13"]
[EventType "swiss"]
[EventRounds "9"]
[EventCountry "VIE"]
[SourceTitle "EXT 2014"]
[Source "ChessBase"]
[SourceDate "2013.11.20"]
[SourceVersion "1"]
[SourceVersionDate "2013.11.20"]
[SourceQuality "1"]

1. e4 c5 2. Nf3 Nc6 3. d4 cxd4 4. Nxd4 g6 5. Nc3 Bg7 6. Be3 Nf6 7. f3 0-0 8. Bc4 Qb6 9. Bb5 Nxe4 10. Bxc6 Nxc3 11. bxc3 dxc6 12. 0-0 Qc7 13. Qe1 b6 14. Rd1 Ba6 15. Rf2 Rad8 16. Rfd2 c5 17. Ne2 Bxe2 18. Rxe2 Bxc3 19. Bd2 Bxd2 20. Rexd2 Rxd2 21. Rxd2 Rd8 22. Re2 Rd7 23. Re4 Qd6 24. Qf2 Qd1+ 25. Re1 Qd4 26. Qxd4 cxd4 27. Kf2 f6 28. f4 Kf7 29. Kf3 d3 30. c3 d2 31. Rd1 Rd3+ 32. Ke2 Rxc3 33. Rxd2 Rc4 34. g3 a5 35. Rb2 Ra4 36. Kf3 b5 37. h4 b4 38. Kg4 Ra3 39. Kh3 e5 40. fxe5 fxe5 0-1

[Event "VIE-ch U15 Girls"]
[Site "Da Lat"]
[Date "2013.07.??"]
[Round "4"]
[White "Vu, Thi Dieu Ai"]
[Black "Nguyen, Hoang Anh"]
[Result "1/2-1/2"]
[WhiteElo "1858"]
[BlackElo "2029"]
[PlyCount "21"]
[EventDate "2013.07.13"]
[EventType "swiss"]
[EventRounds "9"]
[EventCountry "VIE"]
[SourceTitle "EXT 2014"]
[Source "ChessBase"]
[SourceDate "2013.11.20"]
[SourceVersion "1"]
[SourceVersionDate "2013.11.20"]
[SourceQuality "1"]

1. c4 Nf6 2. g3 e6 3. Bg2 d5 4. Nf3 Bd6 5. 0-0 0-0 6. d3 c6 7. Nc3 Re8 8. a3 a5 9. Rb1 Na6 10. Re1 Rb8 11. e4 1/2-1/2

[Event "ASEAN-ch U14 Girls 13th"]
[Site "Hue"]
[Date "2012.06.17"]
[Round "7"]
[White "Vu, Thi Dieu Ai"]
[Black "Nguyen, Hoang Anh"]
[Result "1/2-1/2"]
[WhiteElo "1855"]
[BlackElo "1927"]
[PlyCount "64"]
[EventDate "2012.06.11"]
[EventType "swiss"]
[EventRounds "9"]
[EventCountry "VIE"]
[SourceTitle "CBM 149 Extra"]
[Source "ChessBase"]
[SourceDate "2012.08.24"]
[SourceVersion "1"]
[SourceVersionDate "2012.08.24"]
[SourceQuality "1"]

1. c4 g6 2. Nc3 Bg7 3. g3 d6 4. Bg2 Nf6 5. d3 0-0 6. e4 c5 7. Nge2 Nc6 8. 0-0 Rb8 9. h3 a6 10. a4 Nd4 11. Be3 Nxe2+ 12. Qxe2 Bd7 13. Kh2 Bc6 14. Rfd1 e5 15. f4 Nd7 16. f5 Nf6 17. g4 Ne8 18. Rdb1 Nc7 19. b4 cxb4 20. Rxb4 b5 21. axb5 axb5 22. cxb5 Nxb5 23. Nxb5 Rxb5 24. Rab1 Rxb4 25. Rxb4 d5 26. Rb6 d4 27. Rxc6 dxe3 28. Qxe3 Qh4 29. Qg3 Qxg3+ 30. Kxg3 Bh6 31. Rd6 Be3 32. h4 f6 1/2-1/2